| 000 | 00445nam a22001457a 4500 | ||
|---|---|---|---|
| 082 | _aP649 | ||
| 100 |
_aCapt Muhammad Ali Raza Syn#3 _950959 |
||
| 245 |
_aFeasibility of pre-fabricated bunders in mountains region _bProject |
||
| 260 |
_aRisalpur, _bMCE, _c2016. |
||
| 300 |
_a97p. _bill. _c26cm. |
||
| 526 |
_a0 _b0 _c0 _dP_649_000000000000000 |
||
| 526 |
_a0 _b0 _c0 _dP_649_000000000000000 |
||
| 700 |
_aLt Col Dr Maqbool _950960 |
||
| 942 |
_2ddc _cBK |
||
| 999 |
_c553708 _d553708 |
||